|
|
|
|
| LEADER |
00000cam a2200000 a 4500 |
| 001 |
vtls011623573 |
| 003 |
SK-MaSNL |
| 005 |
20260301095423.0 |
| 008 |
251112s1892 it 000 0 ita |
| 015 |
|
|
|a SNBHFA1892
|
| 020 |
|
|
|q (viaz.)
|
| 035 |
|
|
|a urn:nbn:sk:snk-am00cs3y
|
| 035 |
|
|
|a 48F86598-E544-4F26-9113-6E1BC16EDD75
|
| 035 |
|
|
|a urn:nbn:sk:snk-am00cs4a
|
| 035 |
|
|
|a urn:nbn:sk:snk-am3haod
|
| 035 |
|
|
|a 469CA593-E5E8-421D-AEBC-CED1B09A8EF7
|
| 040 |
|
|
|a SNKHF
|b slo
|c SNK
|e AACR2
|
| 041 |
0 |
|
|a ita
|a lat
|
| 072 |
|
7 |
|a 58
|x Botanika
|2 konspekt
|
| 080 |
|
|
|a 58
|2 2011
|
| 080 |
|
|
|a 582.28
|2 2011
|
| 100 |
1 |
|
|a Saccardo, Pier Andrea,
|d 1845-1920
|4 aut
|9 343980
|
| 245 |
1 |
0 |
|a I nomi generici dei Funghi e la riforma del Dr. O. Kuntze
|c P. A. Saccardo
|
| 260 |
|
|
|a [Taliansko?]
|b [vydavateľ nie je známy]
|c 1892
|
| 300 |
|
|
|a 6 s.
|c 22 cm
|
| 500 |
|
|
|a Rok vydania podľa vročenia separátu uvedeného v hlavičke článku
|
| 501 |
|
|
|a Príväzok 21. k: BRESADOLA, I. Hymenomycetes Hungarici Kmetiani. Rovereto: Tipografia Giorgio Grigoletti, 1897.
|5 SNK SC 44439
|
| 501 |
|
|
|a Príväzok 36. k: BRESADOLA, I. Hymenomycetes Hungarici Kmetiani. Rovereto: Tipografia Giorgio Grigoletti, 1897.
|5 SNK SC 44439
|
| 504 |
|
|
|a Poznámky po textom
|
| 525 |
|
|
|a Estratto dagli Atti del Congresso Botanico Internazionale. 1892
|
| 561 |
|
|
|a Okrúhla pečiatka: Museálna slovenská spoločnosť.
|5 SNK SC 44439
|
| 650 |
0 |
7 |
|a botanika
|2 SNKPH
|9 688
|
| 650 |
0 |
7 |
|a mykológia
|2 SNKPH
|9 20345
|
| 655 |
|
7 |
|a staré tlače
|2 SNKPH
|9 69193
|
| 700 |
1 |
|
|a Kmeť, Andrej,
|d 1841-1908
|4 fmo
|9 191981
|
| 770 |
1 |
|
|t Congresso Botanico Internazionale
|
| 852 |
|
|
|a snk
|b Historické fondy
|c SC 44439 prív.21
|
| 852 |
|
|
|a snk
|b Historické fondy
|c SC 44439 prív.36
|
| 958 |
|
|
|a ONDV
|
| 999 |
|
|
|c 683058
|d 684988
|
| 952 |
|
|
|t Kme 90
|a SNK
|b SNK
|c SNK_HF
|y PREZ
|7 0
|p 17A1130056
|o snkSC 44439/prív.21
|i snkF 3071/79
|8 5
|0 0
|1 0
|4 0
|d 2017-04-12
|f 1
|l 0
|r 2026-02-23 20:03:06
|w 2026-02-23
|
| 952 |
|
|
|t Kme 90
|a SNK
|b SNK
|c SNK_HF
|y PREZ
|7 0
|p 17A1130071
|o snkSC 44439/prív.36
|i snkF 3071/79
|8 5
|0 0
|1 0
|4 0
|d 2017-04-21
|f 1
|l 0
|r 2026-02-23 20:03:06
|w 2026-02-23
|